On This Day: July 15th Quiz Stats

 Plays Quiz Updated Jul 15, 2017

Support Sporcle.
Go Orange.
Score 0/7 Timer 03:00
0 Plays Today
Question Answer Wrong Answers
This artifact, which proved to be the key to deciphering Egyptian hieroglyphs, is discovered in Egypt by French Captain Pierre-François Bouchard.
1799
Rosetta Stone
91.6%
Benben Stone
1.5%
Microlith
2.4%
Narmer Palette
1.4%
Pacific Aero Products, later renamed this, is incorporated in Seattle, Washington.
1916
Boeing
73.9%
Airbus
5.7%
Lockheed Martin
10.5%
McDonnell Douglas
5.1%
A coup d'état is attempted in ______ against state institutions, including the government and President Recep Tayyip Erdoğan.
2016
Turkey
72.6%
Madagascar
4.3%
Thailand
9%
Papua New Guinea
8.1%
Eighteen Nobel laureates sign the Mainau Declaration against ______, which is later co-signed by thirty-four others.
1955
Nuclear Weapons
71.1%
Fossil Fuels
3.2%
Imperialism
4.8%
Racial Segregation
15.4%
This famous Dutch painter, known for his wide range of style and subject matter, is born.
1606
Rembrandt
62%
Vincent van Gogh
29.3%
Claude Monet
5.1%
Albrecht Dürer
3.4%
______ becomes the last of the former Confederate states to be readmitted to the Union.
1870
Georgia
43.3%
Virginia
22.9%
Tennessee
20.8%
Oklahoma
9.2%
This social media platform is launched, later becoming one of the largest in the world.
2006
Twitter
22.3%
Facebook
69.8%
LinkedIn
1.1%
Snapchat
1.2%

You're not logged in!

Compare scores with friends on all Sporcle quizzes.
OR
Log In
Forgot?

From the Vault

Top UK Universities

by davidr

These rankings are clearly dubious, since they don't take into account the quality of the student bars.
Remove Ads.
Support Sporcle.
Get the best of Sporcle when you Go Orange. This ad-free experience offers more features, more stats, and more fun while also helping to support Sporcle. Thank you for becoming a member.

Show Comments

Extras

Top Quizzes Today


Score Distribution

Your Account Isn't Verified!

In order to create a playlist on Sporcle, you need to verify the email address you used during registration. Go to your Sporcle Settings to finish the process.

Report this User

Report this user for behavior that violates our Community Guidelines.

Details: